00467nam a2200133Ia 4500008004100000100002600041245013800067245002600205260000900231300002600240440003100266500001100297650002500308170725s9999 xx 000 0 und d aSandria S. Stephenson aAccounting Community of Practice pedagogy: a course management invention for developing personal competencies in accounting education cSandria S. Stephenson c2017 apages 42821, February aAccounting Educationv26:1 aCJ0028 aAccounting Education